LEADER 03854nam 2200625 450 001 9910463494703321 005 20211209001453.0 010 $a1-61451-274-4 024 7 $a10.1515/9781614512745 035 $a(CKB)2670000000519631 035 $a(EBL)1037942 035 $a(SSID)ssj0001065013 035 $a(PQKBManifestationID)11672034 035 $a(PQKBTitleCode)TC0001065013 035 $a(PQKBWorkID)11061260 035 $a(PQKB)11570597 035 $a(MiAaPQ)EBC1037942 035 $a(DE-B1597)207084 035 $a(OCoLC)979911717 035 $a(DE-B1597)9781614512745 035 $a(Au-PeEL)EBL1037942 035 $a(CaPaEBR)ebr10838348 035 $a(CaONFJC)MIL574249 035 $a(OCoLC)870589917 035 $a(EXLCZ)992670000000519631 100 $a20131011h20142014 uy| 0 101 0 $aeng 135 $aurnn#---|u||u 181 $ctxt 182 $cc 183 $acr 200 12$aA grammar of Bilinarra $ean Australian aboriginal language of the Northern Territory /$fFelicity Meakins, Rachel Nordlinger 210 1$aBoston ;$aBerlin :$cDe Gruyter Mouton,$d[2014] 210 4$d©2014 215 $a1 online resource (558 p.) 225 1 $aPacific linguistics,$x1448-8310 ;$vvolume 640 300 $aDescription based upon print version of record. 311 0 $a1-61451-268-X 320 $aIncludes bibliographical references and index. 327 $tFront matter --$tPreface --$tAcknowledgements --$tTable of contents --$tList of tables --$tList of figures --$tList of abbreviations --$tConventions used in transcription and glossing --$tConventions used in transcription and glossing --$tRecording metadata --$tMap --$tChapter 1 The language and its speakers --$tChapter 2 Phonology --$tChapter 3 Parts of speech --$tChapter 4 Nominals 1: Nouns, case, adnominal and derivational morphology --$tChapter 5 Nominals 2: Demonstratives, interrogatives, directionals and possessives --$tChapter 6 Pronouns --$tChapter 7 Inflecting verbs and coverbs --$tChapter 8 Syntax of simple sentences --$tChapter 9 Complex sentences --$tAppendix --$tWord list --$tList of suffixes --$tList of enclitics --$tReferences --$tIndex of subjects --$tIndex of suffixes and clitics by gloss 330 $aThis volume provides the first comprehensive description of Bilinarra, a Pama-Nyungan language of the Victoria River District of the Northern Territory (Australia). Bilinarra is a highly endangered language with only one speaker remaining in 2012 and no child learners. The materials on which this grammatical description is based were collected by the authors over a 20 year period from the last first-language speakers of the language, most of whom have since passed away. Bilinarra is a member of the Ngumpin subgroup of Pama-Nyungan which forms a part of the Ngumpin-Yapa family, which also includes Warlpiri. It is non-configurational, with nominals commonly omitted, arguments cross-referenced by pronominal clitics and word order grammatically free and largely determined by information structure. In this grammatical description much attention is paid to its morphosyntax, including case morphology, the pronominal clitic system and complex predicates. A particular strength of the volume is the provision of sound files for example sentences, allowing the reader access to the language itself. 410 0$aPacific linguistics ;$v640. 606 $aPama-Nyungan languages$zAustralia$zNorthern Territory$xGrammar 608 $aElectronic books. 615 0$aPama-Nyungan languages$xGrammar. 676 $a499/.15 700 $aMeakins$b Felicity$0950971 701 $aNordlinger$b Rachel$f1969-$0792472 801 0$bMiAaPQ 801 1$bMiAaPQ 801 2$bMiAaPQ 906 $aBOOK 912 $a9910463494703321 996 $aA grammar of Bilinarra$92461163 997 $aUNINA LEADER 05315nam 2200673Ia 450 001 9910145436003321 005 20230913174027.0 010 $a1-281-31856-6 010 $a9786611318567 010 $a0-470-69064-X 010 $a0-470-68037-7 035 $a(CKB)1000000000402222 035 $a(EBL)351340 035 $a(OCoLC)437218606 035 $a(SSID)ssj0000305885 035 $a(PQKBManifestationID)11241498 035 $a(PQKBTitleCode)TC0000305885 035 $a(PQKBWorkID)10294726 035 $a(PQKB)10646836 035 $a(MiAaPQ)EBC351340 035 $a(Au-PeEL)EBL351340 035 $a(CaPaEBR)ebr10232697 035 $a(CaONFJC)MIL131856 035 $a(EXLCZ)991000000000402222 100 $a20010607d2001 uy 0 101 0 $aeng 135 $aur|n|---||||| 181 $ctxt$2rdacontent 182 $cc$2rdamedia 183 $acr$2rdacarrier 200 10$aPharmacy law and practice /$fJonathan Merrills and Jonathan Fisher 205 $a3rd ed. 210 $aOxford ;$aMalden, Mass. $cBlackwell Science$dc2001 215 $a1 online resource (418 pages) 300 $aIncludes index. 311 0 $a0-632-05932-X 327 $aPharmacy Law and Practice; Contents; Preface to the Third Edition; Table of Cases; Table of Statutes; Table of Statutory Instruments; List of Abbreviations; 1 The National Health Service; The National Insurance Act 1911; The National Health Service statutes; The National Health Service Act 1977; General principles, scope and nature of the current NHS; The interests of the public; Advice from the health professions; Acts of Parliament mainly concerned with the NHS; 2 Administration of the NHS; The Department of Health; NHS Executive; Health Authorities; NHS contracts; NHS Trusts 327 $aPrimary Care Groups Special Health Authorities; Prescription Pricing Authority; Effects of devolution; 3 Applications to Dispense NHS Prescriptions; Applications for NHS contracts; In the pharmaceutical list; Who may apply for a contract?; Applications for change of ownership; Removal from the pharmaceutical list; Applications from appliance contractors; Planning law; 4 Rural Dispensing; History; The current rules; 5 Terms of Service; The Health Authority's duty; Pharmaceutical services; Additional professional services; Incorporation of other provisions; 6 The Drug Tariff 327 $aForm and content of the Drug Tariff Urgent prescriptions; Borderline Substances; Medical Foods Regulations; 7 Prescription Charges; The Regulations; 8 Complaints and Discipline in the NHS; Pharmacy-based complaints procedure; Complaint handling in Health Authorities; Disciplinary procedures; New arrangements for dealing with serious allegations; Referral to the Royal Pharmaceutical Society; The FHS Appeal Authority; 9 Retail Pharmacy; History; Who may own a pharmacy?; Retail pharmacy business; Register of Pharmaceutical Chemists; 10 Manufacture and Licensing of Medicinal Products 327 $aThe Medicines Act 1968 and other controls Medicinal products; Marketing Authorization; Manufacturers' Licence; 11 Control of Sales of Medicines; Control of retail sales; Legal categories of medicines; Retail sales staff; Wholesaling of medicines; Parallel imports; Advertising and sales promotion; 12 Special Circumstances; Supply of medicines in an emergency; Collection and delivery schemes; Named-patient supplies; 13 Hospitals and the Medicines Act; Crown immunity; Exemptions in the Medicines Act for hospitals; 14 Traditional and Alternative Medicines; Herbal remedies; Homoeopathic medicines 327 $aRestrictions on sale for safety reasons HIV testing kits; 15 Labeling and Containers; The main Regulations; The standard labeling requirements for medicinal products for human use; Labeling for dispensed medicinal products; Standard labeling requirements for homeopathic products; Pharmacists' own remedies; Child resistant containers; Ribbed or fluted bottles; Offences; Patient Information Leaflets; Standard requirements for Patient Information Leaflets; 16 Other Health Professions and Medicines; Doctors; Nurses; Midwives; Ophthalmic opticians; Chiropodists; Ambulance paramedics; Nurse prescribing 330 $aThis textbook explains what pharmacy students and practicing pharmacists need to know about pharmacy and the law, including recent changes in the National Health Service. The book provides easy accessibility and concise, yet comprehensive information. There have been many changes in the NHS and in the law relating to pharmacy since the first edition was written. Therefore, the book has been thoroughly revised, and the text re-organized. 606 $aPharmacy$xLaw and legislation$zGreat Britain 606 $aDrugs$xLaw and legislation$zGreat Britain 606 $aPharmacists$xLegal status, laws, etc$zGreat Britain 615 0$aPharmacy$xLaw and legislation 615 0$aDrugs$xLaw and legislation 615 0$aPharmacists$xLegal status, laws, etc. 676 $a344.41/0416 676 $a344.410416 700 $aMerrills$b Jonathan$0901245 701 $aFisher$b Jonathan$0901246 801 0$bMiAaPQ 801 1$bMiAaPQ 801 2$bMiAaPQ 906 $aBOOK 912 $a9910145436003321 996 $aPharmacy law and practice$92014299 997 $aUNINA LEADER 02241nam 2200577 450 001 9910822248303321 005 20170919050625.0 010 $a1-4758-1110-1 035 $a(CKB)3710000000476337 035 $a(EBL)4086134 035 $a(SSID)ssj0001545549 035 $a(PQKBManifestationID)16135860 035 $a(PQKBTitleCode)TC0001545549 035 $a(PQKBWorkID)13030274 035 $a(PQKB)11527686 035 $a(MiAaPQ)EBC4086134 035 $a(EXLCZ)993710000000476337 100 $a20150427h20152015 uy| 0 101 0 $aeng 135 $aur|n|---||||| 181 $ctxt 182 $cc 183 $acr 200 10$aAcademic language literacy $edeveloping instructional leadership skills for principals and teachers /$fMarjorie C. Ringler 210 1$aLanham, Maryland :$cRowman & Littlefield,$d[2015] 210 4$d©2015 215 $a1 online resource (125 p.) 300 $aDescription based upon print version of record. 311 $a1-4758-1109-8 311 $a1-4758-1108-X 327 $aCONTENTS; PREFACE; 1. EFFECTIVE PROFESSIONALDEVELOPMENT; 2. CONTENT; 3. CONTENT; 4. CONTEXT; 5. IMPLEMENTING SUSTAINABLEPROFESSIONAL DEVELOPMENT; 6. VISUALIZING CHANGE 330 $aTypically mainstream classroom teachers and principals do not purchase books solely on academic language literacy because they see this as the domain of the ESL teacher. Academic Language Literacy infuses this knowledge through a three pronged approach (content, context, and process) to effective professional development. 606 $aCommunication in education 606 $aEducational leadership 606 $aAcademic language 606 $aTeachers$xIn-service training 606 $aSchool principals$xIn-service training 615 0$aCommunication in education. 615 0$aEducational leadership. 615 0$aAcademic language. 615 0$aTeachers$xIn-service training. 615 0$aSchool principals$xIn-service training. 676 $a371.102/2 700 $aRingler$b Marjorie C.$01684928 801 0$bMiAaPQ 801 1$bMiAaPQ 801 2$bMiAaPQ 906 $aBOOK 912 $a9910822248303321 996 $aAcademic language literacy$94056689 997 $aUNINA LEADER 01139nas 2200409 c 450 001 9910891899603321 005 20260218111712.0 024 7 $aurn:nbn:de:bsz:16-diglit-451158 035 $a(CKB)5280000000204825 035 $a(DE-599)ZDB2966853-0 035 $a(DE-101)1181265118 035 $a(DE-599)2966853-0 035 $a(EXLCZ)995280000000204825 100 $a20190320b20192019 |y | 101 0 $ager 135 $aur||||||||||| 181 $ctxt$2rdacontent 182 $cc$2rdamedia 183 $acr$2rdacarrier 200 00$aRheinische Blätter für Kunst, Literatur und Theater 210 31$aHeidelberg$cUniversita?tsbibliothek Heidelberg$d2019 215 $aOnline-Ressource 225 0 $aHeidelberger historische Besta?nde - digital 300 $aReproduktion 608 $aZeitschrift$2gnd-content 676 $a070 676 $a914.3 676 $a943 676 $a700 676 $a792 801 0$b0016 801 1$bDE-101 801 2$b9001 906 $aJOURNAL 912 $a9910891899603321 996 $aRheinische Bla?tter fu?r Kunst, Literatur und Theater$94264265 997 $aUNINA